Hacia un Cuidado Integral de la Salud para la Equidad: de Alma Ata a la Declaracion del Milenio. Conferencia Internacional de Salud para el Desarrollo: Derechos, hechos y realidades (Registro nro. 1776)

Detalles MARC
000 -LEADER
fixed length control field 00906nam a2200229 a 4500
003 - CONTROL NUMBER IDENTIFIER
control field OSt
005 - FECHA ULTIMA MODIFICACION
control field 20131009164558.0
008 - FIXED-LENGTH DATA ELEMENTS--GENERAL INFORMATION
fixed length control field 131009s2007 ag ||||| |||| 10| 0 spa d
020 ## - INTERNATIONAL STANDARD BOOK NUMBER
International Standard Book Number 978-950-38-0085-0
040 ## - CATALOGING SOURCE
Transcribing agency Biblioteca Medicina
041 ## - LANGUAGE CODE
Language code of text/sound track or separate title spa
082 ## - DEWEY DECIMAL CLASSIFICATION NUMBER
Item number CONGRESOS 004
111 2# - MAIN ENTRY--MEETING NAME
Meeting name or jurisdiction name as entry element Ministerio de Salud de la Nacion
9 (RLIN) 2689
245 00 - TITLE STATEMENT
Title Hacia un Cuidado Integral de la Salud para la Equidad: de Alma Ata a la Declaracion del Milenio. Conferencia Internacional de Salud para el Desarrollo: Derechos, hechos y realidades
250 ## - EDITION STATEMENT
Edition statement 1º ed.
260 ## - PUBLICATION, DISTRIBUTION, ETC. (IMPRINT)
Place of publication, distribution, etc Buenos Aires
Name of publisher, distributor, etc Ministerio de la Salud de la Nacion
Date of publication, distribution, etc 2007
300 ## - PHYSICAL DESCRIPTION
Extent 177 p.
518 ## - DATE/TIME AND PLACE OF AN EVENT NOTE
Date/time and place of an event note Buenos Aires, Argentina. 13 al 17 de Agosto de 2007
653 ## - INDEX TERM--UNCONTROLLED
Uncontrolled term ATENCION PRIMARIA DE LA SALUD-CONGRESO-2007
942 ## - ADDED ENTRY ELEMENTS (KOHA)
Source of classification or shelving scheme Dewey Decimal Classification
Koha item type Hemeroteca
Existencias
Withdrawn status Lost status Fuente de clasificación Damaged status Not for loan Colección Ubicación permanente Ubicación actual Sala de ubicación Fecha de adquisición Total Checkouts Número de clasificación Date last seen Número de ejemplar Price effective from Koha tipo de elemento (item)
    Dewey Decimal Classification     Non-fiction Biblioteca Medicina Biblioteca Medicina Circulación 09/10/2013   CONGRESOS 004 06/11/2014 Ej. 1 09/10/2013 Hemeroteca

UNIVERSIDAD NACIONAL DEL COMAHUE
Biblioteca de la Facultad de Ciencias Médicas
Sede Toschi: Los Arrayanes y Av. Toschi, Cipolletti  - Rio Negro
Sede Los Tordos:  Yrigoyen al 2211, Cipolletti - Rio Negro 

Teléfono: 0299 - 4774707 int 25
Contacto: biblioteca@facimed.uncoma.edu.ar
© 2011 - 2026